La Formación del pensamiento económico de Marx de 1843 a la redacción de El Capital

Enregistré dans:
Détails bibliographiques
Auteur principal: Mandel, Ernest
Format: Texte
Publié: México D.F: Siglo Veintiuno
Édition:10
Tags: Ajouter un tag
Pas de tags, Soyez le premier à ajouter un tag!

MARC

LEADER 00000 a a2200000 04500
001 25006
003
040
020 |a 968-23-0335-4  
090 |a 176900  
100 |a Mandel, Ernest  
245 |a La Formación del pensamiento económico de Marx de 1843 a la redacción de El Capital  
250 |a 10  
260 |a México D.F:   |b Siglo Veintiuno  
300 |a 260 p  
999 |c 10664  |d 10664